キングオブコント 歴代優勝者 - Statistics

General Stats
  • This quiz has been taken 167 times
  • The average score is 12 of 17
Answer Stats
キャッチコピー 所属事務所 優勝者 % Correct
2009年 首都圏発! コント三銃士 プロダクション人力舎 東京03
91%
2011年 帰ってきた! キングトリオ! 吉本興業 ロバート
88%
2012年 魂の雄たけび! 笑いの海賊 SMA NEET Project バイきんぐ
80%
2017年 浪速のエース 狙うは王者キングのみ 吉本興業 かまいたち
80%
2023年 40年共に歩んだけもの道 吉本興業 サルゴリラ
78%
2024年 狂気と哀愁のコントブルース ASH&Dコーポレーション ラブレターズ
78%
2021年 ダメ人間の人生逆転劇場 吉本興業 空気階段
75%
2010年 瞬殺! 今夜本当のキングになる! プロダクション人力舎 キングオブコメディ
72%
2022年 濃厚特盛ファンタジア 吉本興業 ビスケットブラザーズ
71%
2008年 熟成されて19年 吉本興業 バッファロー吾郎
68%
2016年 芥川賞作家がひとめぼれ! 吉本興業 ライス
67%
2018年 ワタナベエンターテインメント ハナコ
66%
2020年 人間味の欠如と充満 吉本興業 ジャルジャル
65%
2019年 浅井企画 どぶろっく
61%
2014年 ついに浮上! つきつめた狂喜のキャラ職人 吉本興業 シソンヌ
60%
2013年 王座へ飛翔! リベンジ誓う笑いの翼 サンミュージックプロダクション かもめんたる
57%
2015年 魅惑ボイスの大穴コンビ 吉本興業 コロコロチキチキペッパーズ
56%
No matching quizzes found
Score Distribution
Percent of People with Each Score
Percentile by Number Answered
Your Score History
You have not taken this quiz